000 00378nam a2200121 4500
999 _c13667
_d13667
008 190401b ||||| |||| 00| 0 eng d
100 _938035
_aLapniten, Karlston
245 _aRescue of dog lifts hopes for missing miners/
_cKarlston Lapniten
260 _aPhilippines:
_bPhilippine Daily Inquirer;
_cc2018.
300 _apage A2.
650 0 _938036
_aAnimals.
942 _2ddc
_cPER